Strategy to implement FEEFO independent review system to Drive South Africa

Bibliographic Details
Main Author: Bencsik Enikő
Other Authors: Tick Dr Andrea
Format: Thesis
Kulcsszavak:Fogyasztói magatartás
Közösségi média
Dél-Afrikai Köztársaság
Online Access:http://dolgozattar.uni-bge.hu/1693

MARC

LEADER 00000nta a2200000 i 4500
001 dolg1693
005 20160107154016.0
008 150305suuuu hu om 000 eng d
040 |a BGE Dolgozattár Repozitórium  |b hun 
041 |a en 
100 1 |a Bencsik Enikő 
245 1 0 |a Strategy to implement FEEFO independent review system to Drive South Africa  |c Bencsik Enikő  |h [elektronikus dokumentum] 
695 |a Fogyasztói magatartás  
695 |a Közösségi média  
695 |a Dél-Afrikai Köztársaság 
700 1 |a Tick Dr Andrea  |e ths 
856 4 0 |u http://dolgozattar.uni-bge.hu/1693/1/Enik%C5%91_Bencsik_FM59N3.pdf  |z Dokumentum-elérés